Homegoing (Record no. 4789)

MARC details
000 -CABECERA
campo de control de longitud fija 02210cam a22004098i 4500
001 - NÚMERO DE CONTROL
campo de control 991009418868905159
005 - FECHA Y HORA DE LA ÚLTIMA TRANSACCIÓN
campo de control 20250625112812.0
008 - DATOS DE LONGITUD FIJA--INFORMACIÓN GENERAL
campo de control de longitud fija 211201s2022 enk 000 f eng d
015 ## - NÚMERO DE BIBLIOGRAFÍA NACIONAL
Número de bibliografía nacional GBC217702
Fuente bnb
016 7# - NÚMERO DE CONTROL DE UNA AGENCIA BIBLIOGRÁFICA NACIONAL
Número de control del registro 020480828
Fuente Uk
020 ## - NÚMERO INTERNACIONAL ESTÁNDAR DEL LIBRO
Número Internacional Estándar del Libro 9780241542620
035 ## - NÚMERO DE CONTROL DEL SISTEMA
Número de control de sistema (OCoLC)1308718996
035 ## - NÚMERO DE CONTROL DEL SISTEMA
Número de control de sistema (EXLNZ-01OCUL_NETWORK)994470270705151
040 ## - FUENTE DE LA CATALOGACIÓN
Centro catalogador/agencia de origen UKMGB
Lengua de catalogación eng
Normas de descripción rda
Centro/agencia transcriptor UKMGB
Centro/agencia modificador OCLCF
-- ALAUL
-- OCL
-- OCLCO
-- OCLCL
041 ## - CÓDIGO DE LENGUA
Código de lengua del texto/banda sonora o título independiente eng
050 #4 - SIGNATURA TOPOGRÁFICA DE LA BIBLIOTECA DEL CONGRESO
Número de clasificación PS3607.Y37
Número de documento/Ítem H66 2022
100 ## - ENTRADA PRINCIPAL--NOMBRE DE PERSONA
Nombre de persona Gyasi, Yaa
Término indicativo de función/relación author
9 (RLIN) 25561
245 10 - MENCIÓN DE TÍTULO
Título Homegoing
Mención de responsabilidad, etc. / Yaa Gyasi.
246 3# - FORMA VARIANTE DE TÍTULO
Título propio/Titulo breve Home going
260 ## - PUBLICACIÓN, DISTRIBUCIÓN, ETC.
Lugar de publicación, distribución, etc. London :
Nombre del editor, distribuidor, etc. Penguin Books,
Fecha de publicación, distribución, etc. 2022.
300 ## - DESCRIPCIÓN FÍSICA
Extensión 128 pages ;
Dimensiones 20 cm.
490 ## - MENCIÓN DE SERIE
Mención de serie Penguin readers ;
Designación de volumen o secuencia Level 7
500 ## - NOTA GENERAL
Nota general Level 7.
520 ## - SUMARIO, ETC.
Sumario, etc. Effia and Esi: two sisters with two very different destinies. One sold into slavery; one a slave trader's wife. The consequences of their fate reverberate through the generations that follow. Taking us from the Gold Coast of Africa to the cotton-picking plantations of Mississippi; from the missionary schools of Ghana to the dive bars of Harlem, spanning three continents and seven generations, Yaa Gyasi has written a miraculous novel - the intimate, gripping story of a brilliantly vivid cast of characters and through their lives the very story of America itself.
520 ## - SUMARIO, ETC.
Sumario, etc. With carefully adapted text, new illustrations, language practise activities and additional online resources, the Penguin Readers series introduces language learners to bestselling authors and compelling content. Titles include popular classics, exciting contemporary fiction, and thought-provoking non-fiction. Yaa Gyasi, a Level 7 Reader, is B2 in the CEFR framework.
650 #0 - PUNTO DE ACCESO ADICIONAL DE MATERIA--TÉRMINO DE MATERIA
Término de materia o nombre geográfico como elemento de entrada Sisters
Subdivisión de forma Fiction
9 (RLIN) 22940
650 #0 - PUNTO DE ACCESO ADICIONAL DE MATERIA--TÉRMINO DE MATERIA
Término de materia o nombre geográfico como elemento de entrada Women, Black
Subdivisión de forma Fiction
9 (RLIN) 25563
650 #0 - PUNTO DE ACCESO ADICIONAL DE MATERIA--TÉRMINO DE MATERIA
Término de materia o nombre geográfico como elemento de entrada Slavery
Subdivisión geográfica United States
Subdivisión de forma Fiction
9 (RLIN) 25564
650 #0 - PUNTO DE ACCESO ADICIONAL DE MATERIA--TÉRMINO DE MATERIA
Término de materia o nombre geográfico como elemento de entrada Intermarriage
Subdivisión geográfica England
Subdivisión de forma Fiction
9 (RLIN) 25565
650 #0 - PUNTO DE ACCESO ADICIONAL DE MATERIA--TÉRMINO DE MATERIA
Término de materia o nombre geográfico como elemento de entrada Women
Subdivisión geográfica Ghana
Subdivisión de forma Fiction
650 #0 - PUNTO DE ACCESO ADICIONAL DE MATERIA--TÉRMINO DE MATERIA
Término de materia o nombre geográfico como elemento de entrada Arranged marriage
Subdivisión de forma Fiction
9 (RLIN) 25566
650 #0 - PUNTO DE ACCESO ADICIONAL DE MATERIA--TÉRMINO DE MATERIA
Término de materia o nombre geográfico como elemento de entrada African Americans
Subdivisión general History
Subdivisión de forma Fiction
9 (RLIN) 25567
651 #0 - PUNTO DE ACCESO ADICIONAL DE MATERIA--NOMBRE GEOGRÁFICO
Nombre geográfico Ghana
Subdivisión general History
Subdivisión cronológica 18th century
Subdivisión de forma Fiction
9 (RLIN) 25568
655 #0 - TÉRMINO DE INDIZACIÓN--GÉNERO/FORMA
Datos o término principal de género/forma Readers (Adult)
9 (RLIN) 22484
655 #0 - TÉRMINO DE INDIZACIÓN--GÉNERO/FORMA
Datos o término principal de género/forma Historical fiction
9 (RLIN) 22722
942 ## - ELEMENTOS DE ENTRADA AGREGADA (KOHA)
Fuente del sistema de clasificación o colocación Clasificación de Library of Congress
Holdings
Estado de retiro Estado de pérdida Fuente del sistema de clasificación o colocación Estado dañado No para préstamo Biblioteca de origen Biblioteca actual Fecha de adquisición Total de préstamos Signatura topográfica completa Código de barras Fecha visto por última vez Número de copia Precio válido a partir de Tipo de ítem Koha
    Clasificación de Library of Congress     TBS Barcelona TBS Barcelona 25/06/2025   READER-EN GYA B07575 25/06/2025 1 25/06/2025 Teach Yourself English

Powered by Koha